Understanding basics of library and information science : (Record no. 63311)
[ view plain ]
| 000 -LEADER | |
|---|---|
| fixed length control field | 00537nam a22001577a 4500 |
| 005 - DATE AND TIME OF LATEST TRANSACTION | |
| control field | 20180823143749.0 |
| 020 ## - INTERNATIONAL STANDARD BOOK NUMBER | |
| International Standard Book Number | 8170004373 |
| Terms of availability | 700.00 |
| 035 ## - SYSTEM CONTROL NUMBER | |
| System control number | B-220100, B-220083, B-220106, B-220094 |
| 037 ## - SOURCE OF ACQUISITION | |
| Stock number | DPL |
| Source of stock number/acquisition | ENG |
| 100 ## - MAIN ENTRY--PERSONAL NAME | |
| Personal name | Lal, C |
| 245 ## - TITLE STATEMENT | |
| Title | Understanding basics of library and information science : |
| Remainder of title | (For B.Lib.Sc. examination) / |
| Statement of responsibility, etc | by C. Lal and K. Kumar |
| 260 ## - PUBLICATION, DISTRIBUTION, ETC. (IMPRINT) | |
| Place of publication, distribution, etc | New Delhi |
| Name of publisher, distributor, etc | Ess Ess Publications |
| Date of publication, distribution, etc | 2005 |
| 300 ## - PHYSICAL DESCRIPTION | |
| Extent | various pages |
| Dimensions | 18 cms. |
| 700 ## - ADDED ENTRY--PERSONAL NAME | |
| Personal name | Kumar, K. |
| 9 (RLIN) | 42795 |
| 942 ## - ADDED ENTRY ELEMENTS (KOHA) | |
| Source of classification or shelving scheme | Dewey Decimal Classification |
| Item type | English Books |
| Classification part | 025.52 |
| Call number suffix | LAL |
| Withdrawn status | Lost status | Not for loan | Collection code | Home library | Current library | Date acquired | Cost, normal purchase price | Full call number | Barcode | Cost, replacement price | Koha item type | Public note | Source of acquisition |
|---|---|---|---|---|---|---|---|---|---|---|---|---|---|
| Non-fiction | Bawana | Bawana | 23/08/2018 | 795.00 | 025.52 LAL | B-220080 | 795.00 | English Books | BPPD/PUB | ||||
| Non-fiction | Sarojini Nagar | Sarojini Nagar | 22/02/2012 | 700.00 | 025.52 LAL | B-220100 | 700.00 | English Books | Withdrawn List Prepared L.No.06/14 | ||||
| Non-fiction | Sarojini Nagar | Sarojini Nagar | 27/02/2012 | 795.00 | 025.52 LAL | B-220089 | 795.00 | English Books | |||||
| Non-fiction | Shahdara Branch | Shahdara Branch | 10/07/2018 | 550.00 | 025.52 LAL | B-220083 | 550.00 | English Books | BPPD/PUB | ||||
| Non-fiction | Shahdara Branch | Shahdara Branch | 23/08/2018 | 700.00 | 025.52 LAL | B-220106 | 700.00 | English Books | BPPD/PUB | ||||
| Non-fiction | Shahdara Branch | Shahdara Branch | 23/08/2018 | 795.00 | 025.52 LAL | B-220094 | 795.00 | English Books | BPPD/PUB |
